Grandeza y decadencia de los mayas

Saved in:
Bibliografiske detaljer
Hovedforfatter: Thompson, J. Eric S (Author)
Format: Bog
Sprog:spansk
Udgivet: Ciudad de México Fondo de Cultura Económica 1964
Udgivelse:2a. ed
Fag:
Tags: Tilføj Tag
Ingen Tags, Vær først til at tagge denne postø!

MARC

LEADER 00000nam a2200000 a 4500
001 UCV9712
003 CL-VaPUC
008 930408e19640000MX |||||||||||||||||spa|d
082 0 4 |a 972.00497  |b THO  |2 21 
100 0 |a Thompson, J. Eric S  |e author  |9 303737 
245 1 0 |a Grandeza y decadencia de los mayas 
250 |a 2a. ed 
300 |a 349 p 
942 |c BK 
945 |d 19930408 00:00:00 
260 |a Ciudad de México  |b Fondo de Cultura Económica  |c 1964 
650 7 |a MAYAS HISTORIA  |2 CL-VaPUC  |9 268559 
650 7 |a MAYAS ANTIGUEDADES  |2 CL-VaPUC  |9 268595 
583 |a last modification  |c 19930408 00:00:00  |k Rodrigo Vera 
999 |c 215012  |d 215010 
952 |0 0  |1 0  |4 0  |6 972_004970000000000_THO_1964  |7 0  |8 A  |9 198898  |a BIBARQ  |b BIBARQ  |d 2019-11-14  |i 2662655  |o 972.00497 THO 1964  |p 2662655  |r 2025-01-20  |w 2019-11-14  |y BK  |k ARQ 
952 |0 0  |1 0  |4 0  |6 972_004970000000000_THO_1964  |7 0  |8 A  |9 198899  |a BIBHIS  |b BIBHIS  |d 2019-11-14  |i 1259431  |o 972.00497 THO 1964  |p 1259431  |r 2025-01-20  |w 2019-11-14  |y BK  |k HIS 
952 |0 0  |1 0  |4 0  |6 972_004970000000000_THO_1964  |7 0  |8 A  |9 198900  |a BIBHIS  |b BIBHIS  |d 2019-11-14  |i 125944K  |o 972.00497 THO 1964  |p 125944K  |r 2025-01-20  |w 2019-11-14  |y BK  |k HIS